| 000 | 01072nam a2200241Ia 4500 | ||
|---|---|---|---|
| 001 | 19503 | ||
| 003 | GE_BSU | ||
| 008 | 181216s||||||||xx |||||||||||||| ||und|| | ||
| 020 | _a9982882514 | ||
| 040 | _cGE_BSU | ||
| 080 | _a811.353.1'282 | ||
| 245 | _aXX საქართველოს რესპუბლიკური. დიალექტოლოგიური სამეცნიერო სესია | ||
| 245 | _bეძღვნება აკად. ს.ჯანაშიას დაბადების 100 წლისთავს, ქ. ზუგდიდი, 2000 წლის 20-21ოქტომბერი | ||
| 245 | _cრედ:გ.კვარაცხელია | ||
| 250 | _aარნ.ჩიქობავას ენათმეცნიერების ინ-ტი | ||
| 260 | _aთბილისი | ||
| 260 | _bქართული ენა | ||
| 260 | _c2000 | ||
| 300 | _a150გვ;20სმ. | ||
| 541 | _h4ლ. | ||
| 653 | _aქართული დიალექტოლოგია; | ||
| 942 | _cBK | ||
| 999 |
_c52480 _d52480 |
||